United States of America, treasury notes of February 15, 1985, series L-1985.

Bibliographic Details
Corporate Author: United States. Department of the Treasury. Office of the Secretary
Format: Government Document Book
Language:English
Published: Washington : Dept. of the Treasury, Office of the Secretary, 1982.
Series:Department circular, public debt series ; no. 2-82
Subjects:

MARC

Tag First Indicator Second Indicator Subfields
LEADER 00000cam a2200000 a 4500
001 in00000828021
005 20151018123552.0
008 820511s1982 dcu f00010 eng d
010 |a gp 82016826  
035 |a (OCoLC)08413853 
035 |9 ADX5468AM 
040 |a GPO  |c GPO  |d UtOrBLW 
043 |a n-us--- 
074 |a 924 
086 0 |a T 1.4/3:2-82 
110 1 |a United States.  |b Department of the Treasury.  |b Office of the Secretary. 
245 1 0 |a United States of America, treasury notes of February 15, 1985, series L-1985. 
264 1 |a Washington :  |b Dept. of the Treasury, Office of the Secretary,  |c 1982. 
300 |a 4 pages ;  |c 27 cm. 
336 |a text  |b txt  |2 rdacontent 
337 |a unmediated  |b n  |2 rdamedia 
338 |a volume  |b nc  |2 rdacarrier 
490 1 |a Department circular, public debt series ;  |v no. 2-82 
500 |a Caption title. 
500 |a Includes supplement to Dept. circular, public debt series--no. 2-82. 
500 |a "January 28, 1982." 
650 0 |a Securities  |z United States. 
650 0 |a Debts, Public  |z United States. 
740 0 |a Treasury notes of February 15, 1985. 
810 1 |a United States.  |b Department of the Treasury.  |b Office of the Secretary.  |t Department circular, public debt series ;  |v no. 2-82. 
999 |a MARS 
999 f f |s da6dd5d3-b3b7-3dc7-9c50-26e4a5867198  |i ef6a83ba-5a2f-35b3-ad71-a53f32cbe283  |t 0 
952 f f |p normal  |a Texas A&M University  |b College Station  |c Sterling C. Evans Library  |d Evans: US Documents (Annex 5th floor)  |t 0  |e T 1.4/3:2-82  |h Superintendent of Documents classification  |i unmediated -- volume  |m A14814622900 
998 f f |a T 1.4/3:2-82  |t 0  |l Evans: US Documents (Annex 5th floor)